000 00708nam a2200229Ia 4500
005 20250508165302.0
008 008 250505s9999 xx 000 0 eng d
020 _a978-3-642-27701-6
037 _aReference
040 _aFEDL
_beng
_cFEDL
041 _aeng
_2eng
084 _a510.7, FOR/RR
_qFEDL
100 _aForgasz Helen Ed.
_9780392
245 0 _aTowards Equity in Mathematics Education: Gender, culture, and diversity
260 _aBerlin
_bSpringer- Verlag
_c2012
300 _axviii,597p.
365 _aEURO
_b109.95
490 _aAdvances in Mathematics Education
700 _a Rivera Ferdinand Ed.
_9780393
942 _cREF
_h510.7, FOR/RR
999 _c1394222
_d1394222